[Event "Amsterdam Mokumse"]
[Site "Amsterdam"]
[Date "2019.04.09"]
[Round "4"]
[White "Bottema, Tom"]
[Black "Pham, Khoi"]
[Result "1-0"]
[WhiteElo "2221"]
[BlackElo "2116"]
[PlyCount "43"]
[EventDate "2019.02.05"]
[EventType "tourn"]
[EventRounds "9"]
[EventCountry "NED"]
[EventCategory "2"]
[SourceTitle "CBM 190 Extra"]
[Source "ChessBase"]
[SourceDate "2019.07.15"]
[SourceVersion "1"]
[SourceVersionDate "2019.07.15"]
[SourceQuality "1"]

1. e4 c5 2. Nf3 d6 3. d4 cxd4 4. Nxd4 Nf6 5. Nc3 a6 6. Bc4 e6 7. 0-0 b5 8. Bb3 Be7 9. f4 b4 10. Na4 Nxe4 11. f5 d5 12. fxe6 fxe6 13. Nxe6 Bxe6 14. Qh5+ Kd7 15. Bxd5 Nf6 16. Rxf6 Bxf6 17. Be3 Qc7 18. Nc5+ Ke7 19. Nxe6 Qe5 20. Bc5+ Kd7 21. Qf7+ Kc8 22. Bb7# 1-0

[Event "Amsterdam Mokumse"]
[Site "Amsterdam"]
[Date "2019.04.09"]
[Round "7"]
[White "Kabos, Tobias"]
[Black "Bottema, Tom"]
[Result "1-0"]
[WhiteElo "2301"]
[BlackElo "2221"]
[PlyCount "83"]
[EventDate "2019.02.05"]
[EventType "tourn"]
[EventRounds "9"]
[EventCountry "NED"]
[EventCategory "2"]
[SourceTitle "CBM 190 Extra"]
[Source "ChessBase"]
[SourceDate "2019.07.15"]
[SourceVersion "1"]
[SourceVersionDate "2019.07.15"]
[SourceQuality "1"]

1. d4 g6 2. c4 Bg7 3. Nc3 d6 4. e4 e5 5. d5 a5 6. Bd3 Na6 7. Nge2 Nc5 8. Bc2 f5 9. exf5 gxf5 10. Ng3 Qh4 11. Bxf5 Qxc4 12. Qh5+ Kf8 13. Bxc8 Nd3+ 14. Kd1 Nxf2+ 15. Kc2 Qd3+ 16. Kb3 Nf6 17. Qf5 a4+ 18. Ka3 Qd4 19. Nge2 Qc5+ 20. b4 axb3+ 21. Kxb3 Nxh1 22. Bg5 Qb6+ 23. Kc2 Qf2 24. Rxh1 Qxf5+ 25. Bxf5 Kf7 26. Rb1 Rhb8 27. Rf1 h6 28. Bh4 c6 29. Kb3 cxd5 30. Bxf6 Bxf6 31. Nxd5 Bg5 32. Nec3 Kg7 33. Nc7 Ra5 34. g3 Bd8 35. Ne6+ Kh8 36. Be4 Bg5 37. Rf7 b5 38. h4 Re8 39. Bd5 b4 40. Kxb4 Rxd5 41. Nxd5 Bd2+ 42. Kc4 1-0

[Event "Amsterdam Mokumse"]
[Site "Amsterdam"]
[Date "2019.03.22"]
[Round "5"]
[White "Hernandez Iglesias, Francisco"]
[Black "Bottema, Tom"]
[Result "1-0"]
[WhiteElo "2092"]
[BlackElo "2221"]
[PlyCount "55"]
[EventDate "2019.02.05"]
[EventType "tourn"]
[EventRounds "9"]
[EventCountry "NED"]
[EventCategory "2"]
[SourceTitle "CBM 190 Extra"]
[Source "ChessBase"]
[SourceDate "2019.07.15"]
[SourceVersion "1"]
[SourceVersionDate "2019.07.15"]
[SourceQuality "1"]

1. d4 c5 2. d5 e5 3. e4 d6 4. Nc3 Be7 5. Nf3 h6 6. Be2 Bg5 7. Nd2 Na6 8. Bb5+ Bd7 9. Nc4 Bxb5 10. Nxb5 Be7 11. f4 Nc7 12. Nxc7+ Qxc7 13. fxe5 dxe5 14. d6 Bh4+ 15. g3 Qc6 16. d7+ Ke7 17. Nxe5 Qe6 18. Nf3 Bf6 19. 0-0 Qxd7 20. e5 Bg5 21. Bxg5+ hxg5 22. Qxd7+ Kxd7 23. Nxg5 f6 24. Rad1+ Kc6 25. Rd6+ Kb5 26. Ne6 Rb8 27. Nc7+ Ka5 28. Rf3 1-0

[Event "Amsterdam Mokumse"]
[Site "Amsterdam"]
[Date "2019.02.12"]
[Round "6"]
[White "Bottema, Tom"]
[Black "Blees, Albert"]
[Result "0-1"]
[WhiteElo "2221"]
[BlackElo "2342"]
[PlyCount "100"]
[EventDate "2019.02.05"]
[EventType "tourn"]
[EventRounds "9"]
[EventCountry "NED"]
[EventCategory "2"]
[SourceTitle "CBM 190 Extra"]
[Source "ChessBase"]
[SourceDate "2019.07.15"]
[SourceVersion "1"]
[SourceVersionDate "2019.07.15"]
[SourceQuality "1"]

1. e4 c5 2. Nf3 e6 3. d4 cxd4 4. Nxd4 a6 5. Bd3 Nf6 6. c4 d6 7. Nc3 g6 8. b3 Bg7 9. Bb2 0-0 10. 0-0 Nc6 11. Nc2 b6 12. Re1 Bb7 13. Bf1 Qc7 14. g3 Rfd8 15. Bg2 h5 16. Ne3 Ne5 17. Qe2 Rac8 18. h3 Qb8 19. Rad1 h4 20. f4 Ned7 21. g4 Nc5 22. Nf1 b5 23. b4 Ncd7 24. cxb5 axb5 25. Nxb5 Ba6 26. a4 Nb6 27. Qf2 Bxb5 28. axb5 Nc4 29. Ba1 Qxb5 30. Qxh4 e5 31. f5 Qxb4 32. Bf3 Nb2 33. Rd2 Qa3 34. Bxb2 Qxf3 35. Rf2 g5 36. Qxg5 Qxh3 37. Re3 Qxg4+ 38. Rg2 Qxg5 39. Rxg5 Kf8 40. Re2 Rc4 41. Nd2 Rc2 42. Ba3 Bh6 43. Rgg2 Rxd2 44. Rxd2 Bxd2 45. Rxd2 Nxe4 46. Re2 Ng5 47. f6 Ke8 48. Kg2 Kd7 49. Kg3 Ke6 50. Kg4 Nh7 0-1

[Event "Groningen op compact-A 51st"]
[Site "Groningen"]
[Date "2013.12.27"]
[Round "2"]
[White "Wolferink, Frans"]
[Black "Bottema, Tom"]
[Result "1/2-1/2"]
[WhiteElo "2017"]
[BlackElo "2162"]
[PlyCount "113"]
[EventDate "2013.12.26"]
[EventType "swiss"]
[EventRounds "5"]
[EventCountry "NED"]
[SourceTitle "CBM 158 Extra"]
[Source "ChessBase"]
[SourceDate "2014.02.28"]
[SourceVersion "1"]
[SourceVersionDate "2014.02.28"]
[SourceQuality "1"]

1. e4 e5 2. Nf3 Nf6 3. Nxe5 Qe7 4. d4 d6 5. Nf3 Nxe4 6. Be2 Nd7 7. 0-0 Ndf6 8. Nbd2 Nxd2 9. Bxd2 Qd8 10. Bd3 Be7 11. h3 h6 12. c4 d5 13. Re1 0-0 14. Ne5 Re8 15. c5 Nd7 16. Nxf7 Kxf7 17. Qh5+ Kg8 18. Qxd5+ Kh8 19. Qf7 Nf6 20. Bxh6 gxh6 21. Qg6 Bf8 22. Rxe8 Qxe8 23. Qxf6+ Bg7 24. Qf4 Be6 25. Re1 Qc6 26. Be4 Bd5 27. Bxd5 Qxd5 28. Qxc7 Qxd4 29. Qf7 Qxb2 30. Re8+ Rxe8 31. Qxe8+ Kh7 32. Qe4+ Kg8 33. Qe6+ Kf8 34. Qd6+ Kf7 35. Qd7+ Kf6 36. Qd6+ Kf5 37. g4+ Ke4 38. Qg6+ Kd5 39. Qd6+ Kc4 40. c6 Qe5 41. Qxe5 Bxe5 42. cxb7 Kd5 43. Kg2 Kc6 44. Kf3 Kxb7 45. Ke4 Bc3 46. Kf5 Kc6 47. Kg6 Bd2 48. h4 Kd5 49. g5 hxg5 50. hxg5 Ke4 51. Kf6 Kf3 52. g6 Kxf2 53. g7 Bc3+ 54. Kf7 Bxg7 55. Kxg7 Ke3 56. Kf6 a5 57. a4 1/2-1/2

[Event "Wijk Cultural Village"]
[Site "Wijk aan Zee"]
[Date "2011.11.30"]
[Round "9"]
[White "Naroditsky, Daniel"]
[Black "Bottema, Tom"]
[Result "1-0"]
[WhiteElo "2472"]
[BlackElo "2219"]
[PlyCount "67"]
[EventDate "2011.11.21"]
[EventType "tourn"]
[EventRounds "9"]
[EventCountry "NED"]
[EventCategory "8"]
[SourceTitle "CBM 145 Extra"]
[Source "ChessBase"]
[SourceDate "2012.01.03"]
[SourceVersion "1"]
[SourceVersionDate "2012.01.03"]
[SourceQuality "1"]

1. e4 e6 2. d3 g6 3. Nf3 Bg7 4. g3 d6 5. Bg2 Nd7 6. 0-0 Ne7 7. Nc3 a6 8. a4 b6 9. Ng5 h6 10. Nh3 Bb7 11. Be3 d5 12. d4 0-0 13. Qd2 Kh7 14. Rad1 Rc8 15. Qe2 Nf6 16. e5 Nd7 17. f4 c5 18. g4 Qc7 19. Qf2 cxd4 20. Bxd4 Nc6 21. Ne2 Nc5 22. Be3 Nxa4 23. b3 Nc5 24. Qh4 Qe7 25. Qf2 f6 26. exf6 Bxf6 27. g5 hxg5 28. fxg5 Bg7 29. Nef4 Qe8 30. Qh4+ Kg8 31. Bxc5 bxc5 32. Nxd5 Rd8 33. Nf6+ Bxf6 34. gxf6 1-0

[Event "Wijk Cultural Village"]
[Site "Wijk aan Zee"]
[Date "2011.11.28"]
[Round "7"]
[White "Lenderman, Aleksandr"]
[Black "Bottema, Tom"]
[Result "1-0"]
[WhiteElo "2581"]
[BlackElo "2219"]
[PlyCount "51"]
[EventDate "2011.11.21"]
[EventType "tourn"]
[EventRounds "9"]
[EventCountry "NED"]
[EventCategory "8"]
[SourceTitle "CBM 145 Extra"]
[Source "ChessBase"]
[SourceDate "2012.01.03"]
[SourceVersion "1"]
[SourceVersionDate "2012.01.03"]
[SourceQuality "1"]

1. d4 Nf6 2. c4 g6 3. Nc3 Bg7 4. e4 d6 5. Nf3 0-0 6. Be2 e5 7. 0-0 Nc6 8. d5 Ne7 9. Ne1 Nd7 10. Be3 f5 11. f3 f4 12. Bf2 g5 13. Rc1 a6 14. b4 b6 15. Nd3 Rf6 16. c5 Rh6 17. cxd6 cxd6 18. b5 a5 19. Na4 Bb7 20. Rc6 Bxc6 21. dxc6 Nc5 22. Ndxc5 bxc5 23. b6 Kh8 24. c7 Qc8 25. Qb3 Qb7 26. Bc4 1-0

[Event "Haarlem BDO-B"]
[Site "Haarlem"]
[Date "2011.08.23"]
[Round "4"]
[White "Bottema, Tom"]
[Black "Peelen, Piet"]
[Result "0-1"]
[WhiteElo "2247"]
[BlackElo "2354"]
[PlyCount "44"]
[EventDate "2011.08.20"]
[EventType "tourn"]
[EventRounds "9"]
[EventCountry "NED"]
[EventCategory "3"]
[SourceTitle "CBM 144 Extra"]
[Source "ChessBase"]
[SourceDate "2011.10.28"]
[SourceVersion "1"]
[SourceVersionDate "2011.10.28"]
[SourceQuality "1"]

1. d4 Nf6 2. c4 e6 3. g3 d5 4. Bg2 Bb4+ 5. Nd2 0-0 6. Ngf3 dxc4 7. Qc2 c5 8. Qxc4 Nc6 9. dxc5 Qe7 10. a3 Bxc5 11. b4 Bb6 12. Bb2 e5 13. b5 Nd4 14. Nxd4 exd4 15. 0-0 Bg4 16. Nf3 Rac8 17. Qd3 Rfe8 18. Nxd4 Bxe2 19. Nxe2 Qxe2 20. Qxe2 Rxe2 21. Bxb7 Rcc2 22. Rac1 Rxb2 0-1

[Event "Haarlem BDO-B"]
[Site "Haarlem"]
[Date "2011.08.21"]
[Round "2"]
[White "Gijswijt, Bart"]
[Black "Bottema, Tom"]
[Result "0-1"]
[WhiteElo "2341"]
[BlackElo "2247"]
[PlyCount "78"]
[EventDate "2011.08.20"]
[EventType "tourn"]
[EventRounds "9"]
[EventCountry "NED"]
[EventCategory "3"]
[SourceTitle "CBM 144 Extra"]
[Source "ChessBase"]
[SourceDate "2011.10.28"]
[SourceVersion "1"]
[SourceVersionDate "2011.10.28"]
[SourceQuality "1"]

1. d4 Nf6 2. c4 e6 3. Nf3 c5 4. d5 exd5 5. cxd5 d6 6. Nc3 g6 7. e4 a6 8. a4 Bg4 9. Be2 Bxf3 10. Bxf3 Bg7 11. 0-0 0-0 12. Bf4 Qe7 13. e5 dxe5 14. Bg5 Nbd7 15. d6 Qe6 16. Bxb7 Ra7 17. Bc6 Rc8 18. Nd5 Bf8 19. Bxd7 Nxd7 20. Be7 Bg7 21. a5 e4 22. Nb6 Rb8 23. Qc2 Bd4 24. Rfe1 f5 25. Rad1 Nxb6 26. axb6 Rxb6 27. Qa4 Rd7 28. Rxd4 cxd4 29. Rc1 Rbxd6 30. Rc8+ Kf7 31. Bxd6 Qxd6 32. Qb3+ Kg7 33. Rg8+ Kf6 34. Rb8 Rc7 35. g4 e3 36. fxe3 Rc1+ 37. Kg2 Qc6+ 38. e4 Qxe4+ 39. Qf3 Rg1+ 0-1

[Event "Wijk Cultural Village"]
[Site "Wijk aan Zee"]
[Date "2003.12.01"]
[Round "7"]
[White "Bottema, Tom"]
[Black "Tan, Kevin"]
[Result "0-1"]
[WhiteElo "2305"]
[BlackElo "2294"]
[PlyCount "58"]
[EventDate "2003.11.24"]
[EventType "tourn"]
[EventRounds "9"]
[EventCountry "NED"]
[EventCategory "4"]
[SourceTitle "CBM 097 Extra"]
[Source "ChessBase"]
[SourceDate "2004.01.13"]
[SourceVersion "1"]
[SourceVersionDate "2004.01.13"]
[SourceQuality "1"]

1. d4 Nf6 2. Nf3 g6 3. c4 Bg7 4. Nc3 d6 5. e4 0-0 6. Be2 e5 7. 0-0 Nc6 8. d5 Ne7 9. Ne1 Nd7 10. f3 f5 11. g4 Kh8 12. Be3 Ng8 13. Ng2 h5 14. h3 Bh6 15. Bf2 hxg4 16. hxg4 Bg5 17. Bg3 fxg4 18. f4 exf4 19. Nxf4 Ne5 20. Ne6 Bxe6 21. dxe6 Qe7 22. Nd5 Qh7 23. Qd4 Nf6 24. e7 Rf7 25. Bxe5 dxe5 26. Qxe5 Qh5 27. Qc3 Rh7 28. Rxf6 Qh1+ 29. Kf2 Rh2+ 0-1

[Event "Wijk Cultural Village"]
[Site "Wijk aan Zee"]
[Date "2003.11.29"]
[Round "5"]
[White "Bottema, Tom"]
[Black "Armas, Jules"]
[Result "0-1"]
[WhiteElo "2305"]
[BlackElo "2375"]
[PlyCount "126"]
[EventDate "2003.11.24"]
[EventType "tourn"]
[EventRounds "9"]
[EventCountry "NED"]
[EventCategory "4"]
[SourceTitle "CBM 097 Extra"]
[Source "ChessBase"]
[SourceDate "2004.01.13"]
[SourceVersion "1"]
[SourceVersionDate "2004.01.13"]
[SourceQuality "1"]

1. e4 c5 2. Nf3 d6 3. d4 Nf6 4. Nc3 cxd4 5. Nxd4 a6 6. Rg1 e5 7. Nb3 b5 8. a4 b4 9. Nd5 Bb7 10. Be3 Nbd7 11. Bc4 Bxd5 12. Bxd5 Nxd5 13. Qxd5 Rc8 14. 0-0-0 Qc7 15. Qd3 Qc6 16. a5 Be7 17. Kb1 0-0 18. Rc1 Nf6 19. f3 d5 20. Bg5 Rc7 21. Bxf6 dxe4 22. fxe4 Bxf6 23. Qd5 Qxd5 24. exd5 Rd8 25. Rcd1 Rcd7 26. c4 bxc3 27. bxc3 Rxd5 28. Rxd5 Rxd5 29. c4 Rd3 30. Nc5 Ra3 31. Rc1 Rxa5 32. Nb3 Ra3 33. Kb2 Ra4 34. Nc5 Rb4+ 35. Kc3 a5 36. Nd7 Bg5 37. Ra1 Rb7 38. Nxe5 Ra7 39. Ra4 Kf8 40. Nc6 Bf6+ 41. Kd3 Ra6 42. Nb4 Rd6+ 43. Nd5 Bd8 44. Kd4 Rg6 45. Ra2 Ke8 46. Kc5 Kd7 47. Rf2 Rc6+ 48. Kb5 Kd6 49. Ne3 Rb6+ 50. Ka4 Rb4+ 51. Ka3 Bb6 52. Rd2+ Kc6 53. Nf5 g6 54. Nd4+ Kc5 55. Nb5 Kxc4 56. Nd6+ Kc3 57. Rd5 f5 58. Nc8 Rb3+ 59. Ka4 Kc4 60. Nxb6+ Rxb6 61. Rd7 Rb2 62. Kxa5 Rxg2 63. Rxh7 Kd3 0-1

[Event "Sonnevanck 9th"]
[Site "Wijk aan Zee"]
[Date "2000.12.06"]
[Round "8"]
[White "Stellwagen, Daniel"]
[Black "Bottema, Tom"]
[Result "1/2-1/2"]
[WhiteElo "2285"]
[BlackElo "2359"]
[PlyCount "111"]
[EventDate "2000.11.06"]
[EventType "tourn"]
[EventRounds "9"]
[EventCountry "NED"]
[EventCategory "5"]
[SourceTitle "CBM 079 Extra"]
[Source "ChessBase"]
[SourceDate "2001.01.11"]
[SourceVersion "2"]
[SourceVersionDate "2001.01.25"]
[SourceQuality "1"]

1. e4 g6 2. d4 Bg7 3. Nc3 d6 4. f4 Nf6 5. Nf3 0-0 6. Bd3 Nc6 7. 0-0 Bg4 8. Be3 e5 9. fxe5 dxe5 10. d5 Nd4 11. Be2 Nxe2+ 12. Qxe2 c6 13. dxc6 bxc6 14. h3 Bxf3 15. Rxf3 Nh5 16. Qc4 Qc7 17. Nd5 Qb7 18. Qxc6 Qxc6 19. Ne7+ Kh8 20. Nxc6 Rac8 21. Nxa7 Rxc2 22. b4 Nf4 23. Rf2 Rc4 24. b5 Rxe4 25. Bc5 Rc4 26. Bxf8 Bxf8 27. Nc6 Bc5 28. Kf1 Bxf2 29. Kxf2 Nd5 30. Nxe5 Rb4 31. Nxf7+ Kg7 32. Nd6 Nc3 33. Rc1 Nxa2 34. Rc7+ Kf6 35. Kf3 Ke6 36. Ne4 Rxb5 37. Rxh7 Nc1 38. Rg7 Rb3+ 39. Kf2 Nd3+ 40. Kg1 Nf4 41. Nf2 Kf6 42. Rg8 Kf7 43. Ra8 Rg3 44. Ra4 Rxg2+ 45. Kf1 Rxf2+ 46. Kxf2 Nxh3+ 47. Kf3 Ng5+ 48. Kf4 Kf6 49. Ra6+ Ne6+ 50. Ke4 Ke7 51. Ke5 Nc7 52. Rxg6 Kd7 53. Rh6 Nb5 54. Ra6 Nc7 55. Rd6+ Ke7 56. Rd1 1/2-1/2

[Event "Sonnevanck 9th"]
[Site "Wijk aan Zee"]
[Date "2000.12.05"]
[Round "7"]
[White "Bottema, Tom"]
[Black "Friedman, Aviv"]
[Result "0-1"]
[WhiteElo "2359"]
[BlackElo "2364"]
[PlyCount "78"]
[EventDate "2000.11.06"]
[EventType "tourn"]
[EventRounds "9"]
[EventCountry "NED"]
[EventCategory "5"]
[SourceTitle "CBM 079 Extra"]
[Source "ChessBase"]
[SourceDate "2001.01.11"]
[SourceVersion "2"]
[SourceVersionDate "2001.01.25"]
[SourceQuality "1"]

1. Nf3 c5 2. b3 d5 3. Bb2 f6 4. d3 e5 5. g3 Be6 6. Bg2 Qd7 7. e4 d4 8. Nbd2 Nh6 9. h4 Nc6 10. a4 Be7 11. Nc4 Nf7 12. Bc1 0-0-0 13. Bd2 h5 14. Na5 g5 15. Nxc6 Qxc6 16. Qe2 Bg4 17. Qf1 Rdg8 18. hxg5 fxg5 19. Nh2 Be6 20. f4 gxf4 21. gxf4 Bh4+ 22. Kd1 exf4 23. Bxf4 Bg3 24. Bd2 Ne5 25. Bh3 Rf8 26. Qg2 h4 27. Rf1 Bxh3 28. Qxh3+ Qd7 29. Rf5 Rxf5 30. exf5 Rf8 31. Kc1 Qxf5 32. Qg2 Qf2 33. Qh3+ Qf5 34. Qg2 Qf2 35. Qh3+ Kb8 36. Ng4 Qf1+ 37. Qxf1 Rxf1+ 38. Kb2 Rxa1 39. Nxe5 Bxe5 0-1

[Event "Sonnevanck 7th"]
[Site "Wijk aan Zee"]
[Date "1998.12.07"]
[Round "6"]
[White "Bottema, Tom"]
[Black "Van Beek, Lucien"]
[Result "1/2-1/2"]
[WhiteElo "2405"]
[BlackElo "2315"]
[PlyCount "125"]
[EventDate "1998.12.01"]
[EventType "tourn"]
[EventRounds "9"]
[EventCountry "NED"]
[EventCategory "6"]
[SourceTitle "EXT 2000"]
[Source "ChessBase"]
[SourceDate "1999.11.16"]
[SourceVersion "1"]
[SourceVersionDate "1999.11.16"]
[SourceQuality "1"]

1. e4 e5 2. Nf3 Nc6 3. Bc4 Nf6 4. d3 Bc5 5. c3 Bb6 6. Nbd2 d6 7. Bb3 Ne7 8. Nc4 Ng6 9. Nxb6 axb6 10. h3 Qe7 11. Be3 h6 12. Nh2 Be6 13. 0-0 0-0 14. Ng4 Nd7 15. Bc2 f5 16. exf5 Bxf5 17. d4 Kh8 18. dxe5 Ngxe5 19. Nxe5 Nxe5 20. Bxf5 Rxf5 21. Qe2 Qe6 22. f4 Nc4 23. Rf3 Re8 24. Re1 Nxe3 25. Rxe3 Qxe3+ 26. Qxe3 Rxe3 27. Rxe3 Rxf4 28. Re7 Rc4 29. Kf2 b5 30. Ke3 b4 31. Kd3 d5 32. cxb4 Rxb4 33. b3 c5 34. Rd7 d4 35. h4 h5 36. Rd5 b6 37. Rxh5+ Kg8 38. Rf5 Rb5 39. g4 Ra5 40. a4 Ra8 41. Rd5 Rf8 42. Rd6 Rf3+ 43. Kc2 Rf2+ 44. Kc1 Kf7 45. Rxb6 d3 46. a5 c4 47. bxc4 Rc2+ 48. Kd1 Rxc4 49. g5 Rxh4 50. g6+ Ke7 51. Kd2 Ra4 52. a6 Ra3 53. Rc6 Ke8 54. Re6+ Kd7 55. Rf6 Ke8 56. Rb6 Ke7 57. Ke3 Ke8 58. Kd2 Ke7 59. Rc6 Ke8 60. Ke3 Ke7 61. Rb6 Ke8 62. Re6+ Kd7 63. Rf6 1/2-1/2

[Event "Sonnevanck 7th"]
[Site "Wijk aan Zee"]
[Date "1998.12.04"]
[Round "4"]
[White "Bottema, Tom"]
[Black "Kroeze, Frank"]
[Result "1-0"]
[WhiteElo "2405"]
[BlackElo "2390"]
[PlyCount "123"]
[EventDate "1998.12.01"]
[EventType "tourn"]
[EventRounds "9"]
[EventCountry "NED"]
[EventCategory "6"]
[SourceTitle "EXT 2000"]
[Source "ChessBase"]
[SourceDate "1999.11.16"]
[SourceVersion "1"]
[SourceVersionDate "1999.11.16"]
[SourceQuality "1"]

1. d4 d5 2. Nf3 Nf6 3. Bf4 c5 4. e3 Nc6 5. c3 Qb6 6. Qb3 c4 7. Qxb6 axb6 8. Be2 Bf5 9. 0-0 h6 10. Nbd2 b5 11. a3 e6 12. Ne5 Nxe5 13. Bxe5 Nd7 14. Bc7 Be7 15. Bf3 Bd3 16. Rfe1 0-0 17. e4 Bg5 18. Nf1 Rfc8 19. Bd6 dxe4 20. Bxe4 Bxe4 21. Rxe4 Ra6 22. Bb4 Nf6 23. Ree1 Nd5 24. g3 h5 25. h4 Bh6 26. Rad1 Rd8 27. Re2 Rd7 28. Rde1 g6 29. Bc5 Nc7 30. Kg2 f6 31. f4 Kf7 32. Kf3 Nd5 33. Nd2 Rc6 34. Ne4 f5 35. Nd2 Bg7 36. Kf2 Bf6 37. Nf3 Rd8 38. Bb4 Ra8 39. Rd1 Rd8 40. Rh1 Ra8 41. Rd1 Rca6 42. Nd2 Rc6 43. Nf1 Rd8 44. Ne3 Ra6 45. Nxd5 Rxd5 46. Ke1 Rd8 47. Kd2 Rd5 48. Kc2 Rd8 49. Red2 Rd5 50. b3 Ra8 51. Kb2 Rad8 52. Re2 Ra8 53. Ra1 Be7 54. Bxe7 Kxe7 55. Rae1 Ra6 56. Re5 Rad6 57. a4 bxa4 58. Rxd5 Rxd5 59. bxc4 Rd6 60. c5 Ra6 61. Ka3 b6 62. d5 1-0

[Event "New York op"]
[Site "New York"]
[Date "1996.??.??"]
[Round "6"]
[White "Bottema, Tom"]
[Black "Ehlvest, Jaan"]
[Result "1/2-1/2"]
[WhiteElo "2370"]
[BlackElo "2660"]
[PlyCount "85"]
[EventDate "1996.05.??"]
[EventType "swiss"]
[EventRounds "9"]
[EventCountry "USA"]
[SourceTitle "EXT 1999"]
[Source "ChessBase"]
[SourceDate "1998.11.16"]
[SourceVersion "1"]
[SourceVersionDate "1998.11.16"]
[SourceQuality "1"]

1. Nc3 g6 2. d4 Bg7 3. Nf3 d6 4. e4 Nd7 5. Be2 e5 6. Be3 Ngf6 7. 0-0 0-0 8. dxe5 dxe5 9. Nd2 Qe7 10. Nc4 Rd8 11. Qc1 Nf8 12. Rd1 Bd7 13. a4 c6 14. f3 Ne8 15. Bf1 Ne6 16. Ne2 f5 17. exf5 gxf5 18. f4 exf4 19. Nxf4 Nf6 20. Ne5 Nxf4 21. Bxf4 Be6 22. Rxd8+ Rxd8 23. Nd3 Ne4 24. c3 Qh4 25. Qe1 Qxe1 26. Rxe1 Bb3 27. g4 Bf6 28. gxf5 Ng5 29. Re3 Nf7 30. Nc5 Bc2 31. Ne4 Be5 32. Bxe5 Nxe5 33. Ng5 Re8 34. f6 Kf8 35. Be2 Bg6 36. h4 h6 37. Nh3 Kf7 38. Nf4 Kxf6 39. Nxg6 Kxg6 40. Rg3+ Kf6 41. Kf2 a5 42. Rg1 Rd8 43. Ke3 1/2-1/2

[Event "New York op"]
[Site "Newark"]
[Date "1995.??.??"]
[Round "?"]
[White "Bottema, Tom"]
[Black "Kaidanov, Gregory S"]
[Result "0-1"]
[WhiteElo "2205"]
[BlackElo "2605"]
[PlyCount "64"]
[EventDate "1995.04.12"]
[EventType "swiss"]
[EventRounds "9"]
[EventCountry "USA"]
[SourceTitle "EXT 2002"]
[Source "ChessBase"]
[SourceDate "2001.11.25"]
[SourceVersion "1"]
[SourceVersionDate "2001.11.25"]
[SourceQuality "1"]

1. Nc3 d5 2. e4 e6 3. b3 Nf6 4. e5 Nfd7 5. f4 c5 6. Nf3 Nc6 7. Bb2 a6 8. Bd3 Be7 9. 0-0 0-0 10. Qe1 c4 11. Be2 Nc5 12. d4 cxd3 13. cxd3 f5 14. exf6 Bxf6 15. Rd1 Nd4 16. Qf2 e5 17. Nxd4 exd4 18. Nb1 Ne6 19. Bg4 Qb6 20. g3 Nc7 21. Bxc8 Raxc8 22. Rfe1 Nb5 23. Re2 Qa5 24. a3 Nc3 25. Bxc3 dxc3 26. b4 Qa4 27. Rc1 a5 28. Qg2 axb4 29. Qxd5+ Kh8 30. axb4 c2 31. Nd2 Bb2 32. Qb3 Bxc1 0-1

[Event "Dieren op"]
[Site "Dieren"]
[Date "1990.??.??"]
[Round "3"]
[White "Carlier, Bruno"]
[Black "Bottema, Tom"]
[Result "1-0"]
[WhiteElo "2390"]
[BlackElo "2205"]
[PlyCount "223"]
[EventDate "1990.07.??"]
[EventType "swiss"]
[EventRounds "9"]
[EventCountry "NED"]
[SourceTitle "CBM 019 Extra"]
[Source "ChessBase"]
[SourceDate "1991.01.01"]
[SourceVersion "1"]
[SourceVersionDate "1991.01.01"]
[SourceQuality "1"]

1. g3 d5 2. Nf3 Bg4 3. Bg2 c6 4. 0-0 Nd7 5. d3 Ngf6 6. h3 Bh5 7. Qe1 e5 8. e4 dxe4 9. dxe4 Bc5 10. Nbd2 0-0 11. Nb3 Be7 12. Nh4 Re8 13. Nf5 Bf8 14. Be3 Qc7 15. a4 a5 16. g4 Bg6 17. Qe2 Bxf5 18. gxf5 c5 19. Nd2 Rec8 20. b3 Ne8 21. Rfd1 Nd6 22. Nc4 Nxc4 23. Qxc4 Ra6 24. Rd2 h6 25. Rad1 Nf6 26. f3 Rd6 27. Rxd6 Bxd6 28. Bf1 Be7 29. Qc3 b6 30. Bb5 Rd8 31. Rxd8+ Bxd8 32. Qd3 Be7 33. Bc4 Qd6 34. Qxd6 Bxd6 35. Kf2 Kf8 36. Ke2 Ne8 37. Kd3 Be7 38. c3 Bd6 39. b4 axb4 40. cxb4 Ke7 41. a5 Bb8 42. axb6 cxb4 43. Bc5+ Kf6 44. Bxb4 Nd6 45. Bd5 Kg5 46. Be1 h5 47. h4+ Kf6 48. Kc3 Nb5+ 49. Kc4 Nd4 50. f4 Nf3 51. fxe5+ Bxe5 52. Bf2 g5 53. fxg6 fxg6 54. b7 Bb8 55. Kb5 g5 56. hxg5+ Kxg5 57. Ka6 h4 58. Ba7 Be5 59. b8Q Bxb8 60. Bxb8 Kf6 61. Bc4 h3 62. Bf1 Ng5 63. Bh2 Nxe4 64. Bxh3 Ng5 65. Bc8 Nf3 66. Bg3 Nd4 67. Kb6 Nf5 68. Be1 Ke5 69. Kc5 Kf6 70. Bb7 Ke5 71. Bc3+ Kf4 72. Kd5 Ne3+ 73. Ke6 Nf1 74. Bg2 Ne3 75. Bd2 Kg3 76. Bc6 Ng2 77. Ke5 Kf2 78. Ke4 Ke2 79. Ba5 Kf2 80. Bc7 Ne1 81. Kf4 Ng2+ 82. Kg5 Ne1 83. Kg4 Ke3 84. Bb6+ Kd3 85. Ba5 Nc2 86. Kf4 Na3 87. Be4+ Kd4 88. Bd8 Nc4 89. Bh4 Kc5 90. Bf2+ Kb4 91. Bd4 Nd6 92. Bd5 Nb5 93. Bg7 Kc5 94. Ke5 Kb4 95. Bf8+ Kc3 96. Ke4 Kc2 97. Bc6 Nc3+ 98. Kd4 Ne2+ 99. Kc4 Ng3 100. Bb4 Ne2 101. Be4+ Kb2 102. Bd3 Nc1 103. Bc3+ Ka3 104. Bc2 Ne2 105. Be5 Nc1 106. Bd1 Na2 107. Bg7 Nc1 108. Kc3 Na2+ 109. Kc2 Nb4+ 110. Kb1 Nd5 111. Bf8+ Nb4 112. Kc1 1-0

[Event "Lugano op"]
[Site "Lugano"]
[Date "1989.03.10"]
[Round "8"]
[White "Bottema, Tom"]
[Black "Van der Werf, Mark"]
[Result "0-1"]
[WhiteElo "2240"]
[BlackElo "2310"]
[PlyCount "152"]
[EventDate "1989.03.03"]
[EventType "swiss"]
[EventRounds "9"]
[EventCountry "SUI"]
[SourceTitle "TD"]
[Source "ChessBase"]
[SourceDate "1994.03.01"]
[SourceVersion "1"]
[SourceVersionDate "1994.03.01"]
[SourceQuality "1"]

1. d4 Nf6 2. c4 e6 3. Nc3 Bb4 4. e3 0-0 5. Bd3 d5 6. Nge2 dxc4 7. Bxc4 e5 8. a3 Bd6 9. dxe5 Bxe5 10. Qxd8 Rxd8 11. f4 Bxc3+ 12. Nxc3 Bf5 13. 0-0 Nbd7 14. Re1 Nc5 15. b4 Nd3 16. Rd1 Nxc1 17. Raxc1 Re8 18. Nb5 Re7 19. Bd3 Bg4 20. Re1 Rd8 21. Bb1 c6 22. Nc3 g6 23. h3 Bc8 24. Kf2 h5 25. Rcd1 Red7 26. e4 Kf8 27. Rxd7 Rxd7 28. Rd1 Rxd1 29. Nxd1 Nd7 30. Nc3 Nb6 31. Bd3 Ke7 32. Ke3 Bd7 33. h4 Nc8 34. Ne2 Nb6 35. Ng3 Kd6 36. Kd4 Be8 37. e5+ Ke7 38. Ne4 Nd5 39. g3 Bd7 40. Bc4 Be6 41. Bxd5 Bxd5 42. Nd6 b6 43. Nc8+ Kd7 44. Nd6 Be6 45. Ne4 Ke7 46. Nc3 Kd7 47. Nd1 Ke7 48. Nf2 Kd7 49. Ne4 Ke7 50. Ng5 Bf5 51. Kc3 Be6 52. a4 Bd5 53. Nh3 Be6 54. Ng1 Bg4 55. Kd4 Kd7 56. Kc4 Kc7 57. Kd4 Kd7 58. Kc4 Kc7 59. Kd4 Kd7 60. Kc4 Ke6 61. Kd4 Ke7 62. Ke4 Ke6 63. Kd4 Bd1 64. Nh3 Bxa4 65. Ng5+ Ke7 66. Ne4 Bb3 67. Nd6 Be6 68. Nb7 Kd7 69. Nd6 a5 70. bxa5 c5+ 71. Kc3 bxa5 72. Ne4 Kc6 73. Nf6 a4 74. Kb2 Kb5 75. g4 hxg4 76. h5 a3+ 0-1